[Event "Grand Chess Tour Finals"]
[Site "?"]
[Date "2019.12.07"]
[Round "12.1"]
[White "Ding, Liren"]
[Black "Vachier Lagrave, Maxime"]
[Result "1-0"]
[WhiteElo "2801"]
[BlackElo "2777"]
[EventDate "2019.??.??"]
[Annotator "Bojkov,Dejan"]
[PlyCount "99"]
[Beauty "7013547388986"]
[EventType "team-tourn"]

1.c4 c5 2.g3 g6 3.Bg2 Bg7 4.Nc3 Nc6 5.Nf3 e5 6.O-O Nge7 7.d3 d6 8.a3 a5 9.Rb1 O-O 10.b3 Rb8 11.Bb2 h6 12.Nd2 Be6 13.Nd5 b5 14.e3 Qd7 15.Re1 $146 {A novelty, which was the fruit of Ding's in-depth homework.} ( {An earlier blitz game saw} 15.Qc2 Bh3 16.Ne4 Nxd5 17.Bxh3 Qxh3 18.cxd5 Ne7 19.Nxd6 Nxd5 20.Qxc5 Nf6 21.Qxe5 Rfd8 22.Ne4 Ne8 23.Qf4 g5 24.Qf3 Bxb2 25.Rxb2 Rxd3 {Ibrahimov,R (2518)-Tregubov,P (2575) Riadh 2017} ) 15...Bg4 16.Qc2 Rfc8 {This plan was well-prepared by the Chinese GM, and he revealed he did not see any idea for Black. "Maybe this was a mistake as I can force the following position" (Ding).} 17.Ne4 Nxd5 18.cxd5 Ne7 19.Nd2 $1 {I am quoting the essence of Ding's words: "Since I have found this idea, I think I am much better. He does not have the rook on a8 and cannot play a5-a4, thus I can play a3-a4 myself and get the c4 square for my knight."} 19...Bh3 20.Bh1 $1 {The first real decision that White had to make.} ( {More reasonable seems to swap the light-squared bishops a la Petrosian with} 20.e4 Bxg2 21.Kxg2 {but the problem is that then the white kingside is being weakened and after} 21...f5 22.a4 f4 {"he has some counterplay on the kingside, his play [there] is very easy" (Ding).} ) 20...Nf5 21.a4 h5 {Vachier-Lagrave is searching for counterplay on the kingside, as on the opposite wing his house is burning down slowly and inexorably.} ( {For example} 21...bxa4 22.bxa4 Rb4 23.Bc3 ( {or even better} 23.Nc4 {when} 23...Qxa4 24.Qxa4 Rxa4 25.Nb6 {drops a whole rook for Black.} ) 23...Qxa4 24.Qxa4 Rxa4 25.Nc4 {without the queens Black is doomed to passive defense.} ) 22.axb5 Rxb5 23.Ra1 {Here also the a5 pawn is prone to fall.} 23...h4 {"He does not have any immediate threats on the kingside" (Ding).} 24.Bc3 Ra8 25.Ra4 Qd8 26.Bf3 Rab8 27.Rea1 {After some preparation White goes for it.} 27...Bh6 28.Re1 {Then suddenly backs off. "I did not want to give him [the option to] take on e3" (Ding).} ( {Indeed, the line} 28.Rxa5 Nxe3 29.fxe3 Bxe3+ 30.Kh1 Qf6 31.Rxb5 Rxb5 32.Qd1 hxg3 33.hxg3 {promises Black huge counterplay, thanks to the sudden resource} 33...Qh8 $3 {True, the computer finds a defense after} 34.Ra8+ Bc8+ 35.Bh5 $1 Kg7 {and even claims an advantage for White, but this is hardly obvious for humans.} ) 28...Qg5 29.Ne4 Qd8 30.Ra3 Ne7 31.Nd2 Nf5 32.Qd1 Bg7 33.g4 $1 {White switches to another plan. Due to the threat of permanent exclusion of the bishop on h3 from the game or its physical annihilation, Black would be soon forced to play f7-f5, and this will open the gates for the white pieces on the kingside.} ( 33.Kh1 {"This look so strange, but maybe it is also fine" (Ding). Although then Black can prepare for White's idea with} 33...Nh6 ) ( {The other idea is to get rid of the annoying black bishop with} 33.Bg4 Bxg4 34.Qxg4 {Ding disliked the position after} 34...Bh6 {presumably because of the possible sacrifices on e3 as before. For example,} 35.Rea1 Nxe3 $1 36.fxe3 Bxe3+ 37.Kg2 Bxd2 38.Bxd2 Rxb3 39.Bxa5 Rb2+ {Black gains a lot of activity after} 40.Kg1 Rb1+ 41.Be1 Qb6 {when it is unclear if White can make anything out of his extra piece.} ) 33...Nh6 34.Kh1 f5 ( {The cold-blooded machine does not worry about the bishop and suggests instead} 34...f6 $5 {with the idea Nh6-f7-g5 to back it up. Still, I suspect that if we tackle the position a bit with the computer, it will be convinced how bad the situation is for Black.} ) 35.gxf5 gxf5 36.Rg1 Qd7 37.Qe2 {White is much better prepared for the kingside assault and executes the attack with amazing ease.} ( 37.e4 $5 {is already possible.} ) 37...Kh8 38.Ra4 $1 {The key reinforcement.} 38...Rxb3 39.Rxh4 ( {Not} 39.Nxb3 $2 Qxa4 ) 39...Rxc3 40.Rxh3 {"I just saw my position should be much better since my pieces are so well-placed" (Ding).} 40...a4 ( {Conceptually, moves like} 40...Rg8 {cannot rescue Black as White is bringing more and more pieces closer by using the weaknesses of the light squares:} 41.Bh5 Bf8 42.Bg6 ) 41.e4 Rc2 42.Rh5 $1 {Forcing the opening of the diagonal h3-c8. With the white bishop entering the battle, it is all over for Vachier-Lagrave.} 42...f4 ( {Black is being mated in the line} 42...Rbb2 43.exf5 Rxd2 44.Qe3 {(Ding)} ) 43.Qd1 Rbb2 44.Nc4 a3 45.Bg4 Qd8 46.Nxb2 Rxb2 47.Be6 a2 48.Rxg7 $1 {A beautiful finish of a wonderful game. "I checked it many times since I played too quickly yesterday" (Ding).} ( {White also knew that he is winning after} 48.Qa4 {"Then make some developing moves and win" (Ding).} ) 48...Kxg7 ( {After} 48...Rb1 {The sudden detour.} 49.Rg1 $1 {clarifies matters:} 49...Rxd1 ( {Or:} 49...Qf8 50.Qg4 a1=Q 51.Rxh6+ Qxh6 52.Qg8# ) 50.Rxh6# ) 49.Qg1+ Kf8 ( {Nothing changes} 49...Kh7 50.Bf5+ Kh8 51.Rxh6# ) 50.Rf5+ {Mate is forced after} ( 50.Rf5+ Nxf5 51.Qg8+ Ke7 52.Qf7# ) 1-0

[Event "E Grand Prix"]
[Site "Jerusalem"]
[Date "2019.12.11"]
[Round "1.1"]
[White "Topalov, Veselin"]
[Black "Vachier Lagrave, Maxime"]
[Result "1/2-1/2"]
[WhiteElo "2737"]
[BlackElo "2780"]
[EventDate "2019.??.??"]
[Annotator "Bojkov,Dejan"]
[PlyCount "71"]
[Beauty "6391716643871"]
[EventType "game"]
[EventCountry "ISR"]

1.c4 c5 2.g3 g6 3.Bg2 Bg7 4.Nc3 Nc6 5.Nf3 d6 6.O-O Bf5 7.b3 ( {Both players obviously studied in depth the recent game of Vachier-Lagrave:} 7.h3 Nf6 8.d3 O-O 9.Be3 a6 10.Qd2 b5 11.cxb5 axb5 12.Nxb5 Qa5 13.Nc3 Rab8 14.Rfc1 Rfc8 15.b3 e5 16.Bh6 Nd4 {Carlsen,M (2845)-Vachier Lagrave,M (2773) Karlsruhe/Baden Baden 2019} ) 7...Nf6 8.Bb2 Ne4 $146 {A logical novelty. Black makes use of the pin to trade the dark-squared bishops.} ( {Although Black did hold his own in an earlier game:} 8...O-O 9.Nh4 Bg4 10.h3 Bd7 11.e3 Qc8 12.Kh2 a6 13.a4 Rb8 14.d3 e6 15.Qd2 Qc7 16.Nf3 {Eljanov,P (2727) -Khairullin,I (2629) Jerusalem 2015} ) 9.Na4 Bxb2 10.Nxb2 Qd7 11.Nh4 $1 {Topalov on his turn uses the shaky position of the black knight to secure the dominance of his bishop.} 11...Nf6 12.Nxf5 Qxf5 13.e3 O-O 14.Na4 {The knight is getting back into play. More importantly, it hits the c5 pawn, thus preventing the freeing d6-d5 advance.} ( {Nothing promises} 14.d4 cxd4 15.exd4 {due to} 15...d5 ) 14...Rad8 15.a3 {Another useful, flexible move. White has three possible, interesting advances: b3-b4, d2-d4 and f2-f4. He does not need to force any of them.} ( {He could have also centralized the knight with} 15.Nc3 {but then Black can remove the pressure early with} 15...Qc8 16.d4 cxd4 17.exd4 e5 ) 15...Qc8 {This does not seem very accurate. No-one was threatening the queen where it was, and it could have been useful when mounting pressure on the kingside.} ( {Both} 15...h5 $5 {with the possible development} 16.Rc1 Kg7 17.h3 g5 $5 {could have created counterplay for Black.} ) ( {And} 15...Kg7 $5 {were better choices.} ) 16.Rc1 $1 {More strong prophylaxis. The rook is aimed against the black queen, thus making the d6-d5 advance virtually impossible.} 16...Kg7 {This is needed.} ( {As demonstrated by the line} 16...b6 17.d4 cxd4 18.exd4 e5 $2 19.Qf3 ) 17.Qc2 h5 ( 17...b6 {can be met with} 18.Qb2 ) 18.h3 b6 ( {White intended to meet} 18...h4 {with} 19.g4 ) 19.Nc3 ( {Also good was the immediate} 19.Qb2 e5 20.f4 ) 19...Rfe8 20.f4 {The time has come for Topalov to get his pawns into motion.} 20...e6 21.Qb2 $1 {X-raying the king while preparing the b3-b4 advance.} 21...Kg8 22.Ne2 ( {Probably even better was} 22.b4 {mounting even more pressure and not showing the intentions yet. For example} 22...Nh7 23.g4 ( 23.Ne2 $5 ) 23...hxg4 24.hxg4 e5 ( {Worse is} 24...Nf6 $2 25.g5 Nh5 26.Bf3 Ng7 27.Ne4 {and White has a crushing attack.} ) 25.f5 $1 {with a large advantage for White.} ) 22...Nh7 23.d4 cxd4 24.Nxd4 {The trade of another minor piece is definitely favorable for Black.} ( {Apparently White disliked the central breakthrough after} 24.exd4 e5 ( {although the computer believes that} 24...Ne7 {is even better.} ) ) 24...Nxd4 25.exd4 Nf6 {Vachier-Lagrave is patiently waiting for his chance.} ( {Although the immediate} 25...e5 26.fxe5 dxe5 27.Qf2 Re7 28.dxe5 Rd3 {with counterplay might have been the right choice.} ) 26.Kh2 Kg7 27.b4 Qc7 28.a4 {Topalov expands all over the board. Vachier-Lagrave needs to react.} 28...e5 29.fxe5 dxe5 30.c5 ( {Black seems in good shape after} 30.d5 h4 31.g4 e4+ 32.Kg1 Qe5 33.Qxe5 Rxe5 ) 30...h4 $3 {This is the idea that Topalov underestimated. Vachier-Lagrave sacrifices a whole piece, but kills a bunch of pawn in the process and secures the half point.} 31.cxb6 ( {Instead White could have sacrificed the exchange himself with:} 31.Rxf6 hxg3+ 32.Kxg3 Kxf6 33.cxb6 Qb8 ( {Not} 33...Qxb6 $2 34.Rc6+ ) 34.dxe5+ {But the accurate} 34...Kg7 $1 {practically leads to a draw} ( {But not} 34...Rxe5 35.bxa7 Qxa7 36.Rf1+ Ke6 37.Qa2+ {when White is close to winning.} ) 35.b7 Re7 36.Kh2 Rxb7 37.Bxb7 Qxb7 ) 31...hxg3+ 32.Kh1 Qxb6 33.Rc6 Qxd4 34.Qxd4 Rxd4 35.Rcxf6 Re7 36.R6f3 {White offered a draw himself.} ( 36.R6f3 {As in the line} 36...Rxb4 37.a5 ( {Whereas} 37.Ra1 a5 38.Rxg3 e4 {and then f7-f5 is no worse for Black.} ) 37...Ra4 {the last white pawns will soon be traded.} ) 1/2-1/2

[Event "E Grand Prix"]
[Site "Jerusalem"]
[Date "2019.12.12"]
[Round "2.4"]
[White "Gelfand, Boris"]
[Black "Nepomniachtchi, Ian"]
[Result "1/2-1/2"]
[WhiteElo "2684"]
[BlackElo "2767"]
[EventDate "2019.??.??"]
[Annotator "Bojkov,Dejan"]
[PlyCount "69"]
[Beauty "6464999538700"]
[EventType "game"]
[EventCountry "ISR"]

1.Nf3 c5 2.c4 Nc6 3.d4 cxd4 4.Nxd4 Nf6 5.Nc3 e6 6.g3 Qb6 7.Nb3 Ne5 8.e4 Bb4 9.Qe2 d6 10.Bd2 Bd7 ( {No doubt that both players knew the game of the birthday boy :} 10...a5 11.f4 Nc6 12.Na4 Bxd2+ 13.Nxd2 Qa7 14.Nc3 Nd4 15.Qd3 Ng4 16.Nd1 e5 17.Nf3 Nxf3+ 18.Qxf3 exf4 19.gxf4 O-O 20.h3 Nf6 21.Nc3 Be6 22.O-O-O {Anand,V (2803)-So,W (2760) Bilbao 2015. Happy birthday, great champion Vishy Anand!} ) 11.f4 Ng6 12.e5 dxe5 13.fxe5 Ng8 14.c5 Qc7 {[#]} 15.Ne4 $1 $146 {A strong novelty. The knight lands in close proximity to the enemy king.} ( {The predecessor was an email game in which Black managed to build solid construction after:} 15.O-O-O Bxc3 16.Bxc3 Bc6 17.Rg1 N8e7 18.h4 Nd5 19.Bd4 Nge7 20.Kb1 O-O 21.h5 {Schinke,A (2504)-Malac,M ICCF email 2007} ) 15...Bxd2+ 16.Nbxd2 Nh6 17.Nd6+ Kf8 18.b4 {The opening ended spectacularly well for Gelfand. He managed to establish a billion-dollar horse on d6, keep the enemy king in the prison "Central" and at the moment he consolidates his position will play by itself.} 18...Bc6 19.Bg2 $1 {Splendid! The e5 pawn is sacrificed for a tempo, and another half-open file.} ( {White was not forced to sacrifice, he could have also gone for:} 19.Rg1 {with the idea to meet the artificial castling:} 19...Ke7 {With pawn storm:} ( {Or:} 19...Nf5 20.Bh3 Bd5 {The difficulty was connected with this line, as in order to improve further White would have to risk with:} 21.O-O-O ) 20.h4 Rhd8 21.h5 Nf8 22.g4 {and White is dominating.} ) 19...Bxg2 20.Qxg2 Nxe5 21.O-O Nf5 ( {In case of:} 21...f6 {White can centralize his second knight with tempo:} 22.Nb3 Nhf7 23.Nd4 Nd8 24.Rae1 {and force the opponent into passive defense.} ) 22.N2e4 {Another excellent decision into the attack.} ( 22.Nxf5 {would have given time to Nepomniachtchi to consolidate after:} 22...exf5 23.Rxf5 g6 24.Rf6 Kg7 25.Ne4 ( 25.Raf1 Rhe8 ) ) 22...a5 {This loses practically by force, but one can easily understand Nepomniachtchi. The move is the only way to generate some counterplay.} ( {A more solid move like:} 22...f6 {should not have saved Black neither. Indeed, there is the spectacular:} 23.Ng5 $3 fxg5 24.Rae1 {With decisive attack along the half-open files. For example:} 24...Nf7 25.Rxe6 N7xd6 ( {Or:} 25...N5xd6 26.cxd6 Qb6+ 27.Kh1 Kg8 28.Re7 Rf8 29.Rfxf7 $1 Rxf7 30.Re8+ Rf8 31.Qd5# ) 26.cxd6 Qb6+ 27.Kh1 g6 28.Rxf5+ $1 gxf5 29.Qb2 $1 {and White wins.} ) 23.Nxf5 {Gelfnad must have felt that the win is close!} ( {He could have won with a similar idea to the line from above:} 23.Qb2 $1 f6 24.Ng5 $1 Qe7 25.Rae1 {Black cannot untie his pieces:} 25...h6 ( {Even faster loses:} 25...axb4 26.Rxe5 fxe5 27.Qxe5 Qxg5 28.Qxe6 ) ( {Or:} 25...Nxd6 26.Qxe5 ) 26.Ngf7 $1 Nxf7 27.Nxf5 {At the moment in which the black knights are removed White can deal with the pawn cover in front of the black king:} 27...Qd7 28.Nxg7 $1 Kxg7 29.Qxf6+ Kg8 30.Qg6+ Kf8 31.Rxf7+ Qxf7 32.Rf1 Qxf1+ 33.Kxf1 {and the rooks must obey her Majesty.} ) 23...exf5 24.Nd6 ( {Once more:} 24.Rxf5 axb4 25.Raf1 g6 26.Rf6 Kg7 {provides time for Black for the defence.} ) 24...g6 25.Qd5 f6 26.b5 Rb8 27.b6 ( {To the same would have led:} 27.Rae1 $1 h5 28.Rxe5 fxe5 29.Qxe5 Kg8 30.b6 Qd7 ) 27...Qd7 28.Rae1 h5 29.Rxe5 fxe5 30.Qxe5 Kg8 31.Ne4 {Gelfand decided to take away all the risks and regained the exchange.} ( {He could have played for the attack though with:} 31.Qf6 $5 {when Black's position is very unpleasant.} ) 31...Rf8 32.Nf6+ Rxf6 33.Qxf6 Kh7 34.Re1 {Missing the last chance to play for the win.} ( {It was related to the breakthrough:} 34.c6 $1 {Then the rook endgame after:} 34...Qxc6 ( {Therefore Black needs to try and construct a perpetual check in the queens' endgame:} 34...bxc6 35.Re1 Re8 36.Rxe8 Qxe8 37.Kf2 Qd7 {But after:} 38.Ke1 $1 {The draw is not necessarily achievable. The b6 passer is extremely strong. White can speculate with the ideas of a queen swap and to cut the long story short- none would like to be in Nepomniachtchi's shoes here.} ) 35.Qxc6 bxc6 36.Kf2 {is lost for Black as the white king quickly runs all the way up to the c5 square.} ) 34...Re8 35.Rxe8 ( 35.Rxe8 {Black is no worse after:} 35...Qxe8 36.Qd4 Qe1+ 37.Kg2 Qe2+ ) 1/2-1/2

[Event "E Grand Prix"]
[Site "Jerusalem"]
[Date "2019.12.15"]
[Round "11.4"]
[White "Navara, David"]
[Black "Jakovenko, Dmitry"]
[Result "1-0"]
[WhiteElo "2707"]
[BlackElo "2698"]
[EventDate "2019.??.??"]
[Annotator "Bojkov,Dejan"]
[PlyCount "73"]
[Beauty "7908108535817"]
[EventType "game"]
[EventCountry "ISR"]

1.c4 c5 2.Nf3 Nf6 3.Nc3 Nc6 4.d4 cxd4 5.Nxd4 g6 6.e4 Nxd4 7.Qxd4 d6 8.Be3 Bg7 9.f3 O-O 10.Qd2 Be6 11.Rc1 Qa5 {The Accelerated Dragon is a rare guest at top tournaments, precisely because of the Maroczy bind. Not too many GMs are ready to suffer the arising positions, mainly because of the lack of counter-attacking chances.} 12.b3 Rfc8 13.g4 {A rare move. But since White is also executing it in the main line, it does not come as a surprise. Navara believes that now is the right time to play it.} ( {Another way to play the position is} 13.Bd3 a6 14.Na4 Qxd2+ 15.Kxd2 Nd7 16.Nc3 b5 17.Nd5 Bxd5 18.cxd5 b4 19.Rxc8+ Rxc8 20.Rc1 Rxc1 21.Kxc1 {So,W (2762)-Guseinov,G (2664) chess.com INT 2019} ) ( {While} 13.Be2 {still remains the main move:} 13...a6 14.Na4 Qxd2+ 15.Kxd2 Rc6 16.g4 Kf8 17.Nb6 Rb8 18.Nd5 {as in Giri,A (2785)-Zvjaginsev,V (2661) Sochi 2017} ) 13...a6 ( {Against} 13...Nd7 $5 {White can play for an endgame advantage with} 14.Nd5 ( 14.h4 $5 ) 14...Qxd2+ 15.Kxd2 Bxd5 16.cxd5 ) 14.Na4 Qxd2+ 15.Kxd2 Nd7 16.Rg1 $1 {The point behind White's idea. Black is deprived of his only counterplay with f7-f5.} 16...Rc6 $146 ( {The only predecessor saw} 16...Rf8 17.Nc3 Kh8 18.Nd5 Bxd5 19.cxd5 Rac8 20.Bh3 $1 Bb2 21.Rxc8 Rxc8 22.g5 $1 {with an obvious advantage for White, Nguyen,P (2427)-Karacsonyi,G (2250) Budapest 2019} ) 17.Be2 Kh8 {Jakovenko insists on the move f7-f5, but he will never get a chance to make it work.} ( {Better is the immediate} 17...Nc5 $1 18.Nxc5 ( 18.Nc3 b5 $5 ) 18...dxc5 {with the idea to meet} 19.f4 {with} 19...Rd6+ 20.Kc2 Bd4 $1 {when Black is just fine.} ) 18.f4 Nc5 ( {The break} 18...f5 {would be likely met with} 19.exf5 gxf5 20.Bf3 ( {Or} 20.g5 ) ) 19.Nxc5 dxc5 20.Bf3 Rc7 ( {Now the counterplay is a must:} 20...Rd6+ 21.Ke2 Bd4 ( {Not} 21...Rad8 22.e5 ) 22.e5 Rd7 23.Rcd1 Rad8 24.Bxd4 Rxd4 {Activating the rook.} ( {Rather than} 24...cxd4 $6 25.Kd3 {followed by Bf3-e4 with a clear edge for White.} ) 25.Rxd4 Rxd4 26.Bxb7 Rxf4 ) ( {Or} 20...Rd8+ 21.Ke2 Bd4 22.e5 Rc7 23.Rgd1 Rcd7 24.Bxd4 Rxd4 25.Rxd4 Rxd4 26.Ke3 b6 {in both cases with chances for a successful defense.} ) 21.Ke2 b5 22.e5 $1 {Navara plays for limitation of the fianchettoed bishop.} 22...Rac8 23.Bd5 Bxd5 24.cxd5 g5 {that Jakovenko cannot allow. Unfortunately for the Russian GM, this move leads to concrete problems.} ( {However, Black would have been practically down a bishop in the line} 24...c4 25.bxc4 bxc4 26.g5 $1 ) 25.d6 $1 {The strong passer supported by all the white pieces quickly seals the fate of the game.} 25...exd6 26.exd6 Rd7 ( {Or} 26...Rc6 27.d7 Rd8 28.Rgd1 Bf8 29.fxg5 Bd6 30.Kf3 {when Black cannot regain the pawn.} ) 27.Bxc5 gxf4 28.Kf3 Kg8 ( {Perhaps from afar Jakovenko thought he would win the pawn back with} 28...Be5 {And only here did he see the trick} 29.Bd4 $1 Re8 30.Bxe5+ Rxe5 31.Rgd1 {when White is close to winning.} ) 29.Bb4 Rcd8 ( {Black should gradually lose after} 29...Rxc1 30.Rxc1 Be5 31.Rc6 a5 32.Bc5 ) 30.Rge1 Bf8 31.Rc7 {This defends the pawn tactically.} 31...f6 ( {The pin is deadly after} 31...Bxd6 32.Rxd7 Rxd7 33.Rd1 ) 32.Rd1 Kf7 33.Kxf4 Rxc7 {The last chance in the form of a fortress, but it is easily refuted.} ( {There is nothing to hope for in case of} 33...Ke6 34.Re1+ Kf7 35.Rxd7+ Rxd7 36.Kf5 ) 34.dxc7 Rxd1 35.c8=Q Bxb4 36.Qxa6 Bd6+ 37.Ke4 ( 37.Ke4 {Black resigned as he cannot stop the united attack of the white pieces:} 37...b4 38.Qc4+ Kf8 39.Qc2 Rh1 40.Kf5 ) 1-0